| 000 | 03100nam a2200613 c 4500 | ||
|---|---|---|---|
| 003 | BLK | ||
| 005 | 20250313150857.0 | ||
| 008 | 180408b bul|||||r ||||||| ||bul|| | ||
| 010 | _aKNG00089787000 | ||
| 020 |
_a978-954-729-260-4 _bиздат.: АТИКА - на том(кн. 2) |
||
| 040 | _aBLK | ||
| 041 |
_aBUL _cBUL |
||
| 080 |
_aВоенна история - Военни походи, битки, героични подвизи. Вж и 93/99 _b355.48 _x(47+57)(092)(093.3) _z355.48(47+57)(092)(093.3) |
||
| 080 |
_aИстория на Русия и СССР. Вж и 936 ; 957 _b94(470) _x(092)(093.3) _z94(470)(092)(093.3) |
||
| 080 |
_aИстория на Испания _b946.0 _x(093.3) _z946.0(093.3) |
||
| 080 |
_aИстория на Втората световна война (1939-1945) _b940.53 _x(093.3) _z940.53(093.3) |
||
| 080 |
_aСъветски офицер, експерт по диверсии _b929 Старинов, Иля Григориевич _x _z929 Старинов, Иля Григориевич |
||
| 100 | 1 |
_aСтаринов, Иля Григориевич _eпърви автор _9123955 |
|
| 700 | 1 |
_aВеселинов, Ленко _eпрев. от рус. _9371314 |
|
| 139 |
_aСтаринов, Иля Григориевич _bС 71 |
||
| 245 | 1 | 0 |
_aБогът на диверсиите _bКн. 1 - 2 _cИля Григориевич Старинов; прев. от рус. Ленко Веселинов. _nКн. 2 |
| 257 | _aSUN | ||
| 260 |
_аСофия _c2009 |
||
| 300 | _c20 см | ||
| 380 | _aX | ||
| 490 | 1 | _aДосие | |
| 500 | _aОриг. загл. Записки диверсанта / Илья Григорьевич Старинов. - Офс. изд. | ||
| 600 | 1 | 4 |
_aСтаринов, Иля Григориевич _9123955 |
| 650 | 4 |
_aВоенна история - СССР _9254921 |
|
| 650 | 4 |
_aГражданска война - Испания, 1936-1939 г. - спомени _9245521 |
|
| 650 | 4 |
_aВтора световна война - спомени _9243237 |
|
| 650 | 4 |
_aВелика Отечествена война - СССР _9254920 |
|
| 650 | 4 |
_aСтаринов, Иля Григориевич - спомени _9171970 |
|
| 651 | 4 |
_aСССР _9179592 |
|
| 651 | 4 |
_aИспания _9178962 |
|
| 651 | 4 |
_aПолша _9179388 |
|
| 651 | 4 |
_aЮгославия _9179822 |
|
| 653 | _aИля Старинов | ||
| 653 | _aвоенна история | ||
| 653 | _aдиверсии | ||
| 653 | _aгражданска война | ||
| 653 | _aВелика отечествена война | ||
| 653 | _aВтора световна война | ||
| 653 | _aпартизанско движение | ||
| 653 | _aспомени | ||
| 653 | _aмемоари | ||
| 760 | 1 |
_3- на том(кн. 2) _aСтаринов, Иля Григориевич _dАТИКА, 2009 _h320 с. : със сн. _tКн. 2 |
|
| 852 | _aЦб 244214 | ||
| 856 | 4 |
_qpdf _u |
|
| 856 | 4 |
_qpdf _u |
|
| 942 |
_cKNG _n0 _04 |
||
| 944 |
_aCR _c09.06.2009 _lЦветомила Тодорова _k30576 |
||
| 944 |
_aED _c01.10.2013 _lф / _k |
||
| 999 |
_c85191 _d85191 |
||